Statystyki dla Wszyscy zwycięzcy Super League 1

Kliknij tutaj aby rozwiązać quiz!

Ogólne statystyki

  • Ten quiz został rozwiązany 16 razy
  • Średni wynik to 4 z 6

Statystyki odpowiedzi

HintOdpowiedź% Poprawnych
47Olympiakos
93%
3PAOK Saloniki
87%
13AEK Ateny
80%
20Panathinaikos
80%
3Aris Salonik
40%
1Larisa
20%

Rozkład punktacji

Percentyl według liczby udzielonych odpowiedzi

Procent ludzi z każdym wynikiem

Twoja historia wyników

Nie rozwiązałeś tego quizu